000 00332nam a2200145Ia 4500
100 _aMiddleton/ R.G.
650 _aElectrical Engineering
942 _cBK
654 _aTape recorder
245 _aTape recorder servicing guide
260 _bW.Foulsham & co.
_aUSA
_c1973
082 _a621.38
300 _a96
546 _aENGLISH
999 _c29042
_d29042